[Event "POL-ch U13 Qual"]
[Site "Jastrzebia Gora"]
[Date "2021.11.18"]
[Round "5"]
[White "Stanik, Szymon"]
[Black "Owczarz, Michal"]
[Result "1/2-1/2"]
[WhiteElo "1372"]
[BlackElo "1180"]
[PlyCount "88"]
[EventDate "2021.11.15"]
[EventType "swiss"]
[EventRounds "9"]
[EventCountry "POL"]
[SourceTitle "EXT 2023"]
[Source "ChessBase"]
[SourceDate "2022.10.05"]
[SourceVersion "1"]
[SourceVersionDate "2022.10.05"]
[SourceQuality "1"]

1. e4 c5 2. Nf3 Nc6 3. d4 cxd4 4. Nxd4 Nf6 5. Nc3 e5 6. Ndb5 d6 7. Nd5 Nxd5 8. exd5 Nb8 9. c4 Be7 10. Be2 0-0 11. 0-0 Nd7 12. f4 f5 13. Qc2 g6 14. Be3 a6 15. Nc3 Nf6 16. h3 Re8 17. b4 Qc7 18. Rfd1 Bd7 19. Qb3 Kg7 20. a4 Rec8 21. a5 Nh5 22. Bb6 Qb8 23. fxe5 dxe5 24. d6 Bd8 25. Nd5 Nf4 26. Nxf4 exf4 27. Bd4+ Kf8 28. c5 Bg5 29. Bc4 Be8 30. Qc3 Bf7 31. Bg7+ Kg8 32. Bh8 Bh6 33. Bxf7+ Kxf7 34. Qc4+ Kf8 35. d7 Rd8 36. Bf6 f3 37. Rd6 Qc7 38. Be5 Bg7 39. Rf6+ Bxf6 40. Bxc7 Rxd7 41. Bd6+ Kg7 42. gxf3 Bxa1 43. b5 axb5 44. Qxb5 Rf7 1/2-1/2